K situaci na trhu práce v 1. pololetí 1994

Situáciu na trhu práce možno hodnotiť za 1. polrok 1994 v ČR ako stabilizovanú s tendenciou k zlepšovaniu. Rast počtu voľných pracovných miest umožnil absorbovať rastúce ľudské zdroje pri trvalom poklese nezamestnanosti. Miera evidovanej nezamestnanosti k 30.5.1994 bola 3,1 perc. ekonomicky aktívneh...

Descrizione completa

Salvato in:
Dettagli Bibliografici
Natura: Capitolo di libro
Lingua:ceco
Soggetti:
Tags: Aggiungi Tag
Nessun Tag, puoi essere il primo ad aggiungerne!!

MARC

LEADER 00000naa a2200000 4500
001 r024015
005 20221213083107.2
041 0 |a cze 
044 |a CZ 
245 1 0 |a K situaci na trhu práce v 1. pololetí 1994 
520 |a Situáciu na trhu práce možno hodnotiť za 1. polrok 1994 v ČR ako stabilizovanú s tendenciou k zlepšovaniu. Rast počtu voľných pracovných miest umožnil absorbovať rastúce ľudské zdroje pri trvalom poklese nezamestnanosti. Miera evidovanej nezamestnanosti k 30.5.1994 bola 3,1 perc. ekonomicky aktívneho obyvateľstva. 
610 2 0 |a trh práce 
610 2 0 |a nezamestnanosť 
610 2 0 |a zamestnanosť 
610 2 0 |a Česko 
610 2 0 |a 1994 
610 2 0 |a miesta pracovné 
610 2 0 |a zdroje ľudské